000 00735nam a2200253 a 4500
999 _c2005
_d2005
003 OSt
005 20190627110526.0
008 131105s1980 sz ||||| |||| 00| 0 eng d
020 _a92-45-154145-8
040 _cBiblioteca Medicina
041 _aeng
082 _aOMS QY 25
110 _aOrganizacion Mundial de la Salud
_91006
245 0 0 _aManual of basic techniques for a health laboratory
250 _a1° ed.
260 _aGinebra
_bOrganizacion Mundial de la Salud
_c1980
300 _a487 p.
500 _aBaja Depósito Caja 33 Junio 2019
546 _aTexto en ingles
653 _aLABORATORIOS-MANUAL
653 _aLABORATORIOS-PREVENCION & CONTROL
653 _aLABORATORIOS-TECNICAS BASICAS
942 _2ddc
_cPH